000 00558nam a22001937a 4500
999 _c21100
_d21100
003 AR-CdUCM
008 190305b ||||| |||| 00| 0 spa d
040 _aMUNICIPALIDAD PROVINCIAL DEL CUSCO
_cBIBLIOTECA MUNICIPAL DEL CUSCO
082 _a860.8 /
_bF41
100 _aFernandez Florez, W.
_943977
245 _aMis páginas mejores /
260 _aMadrid :
_bGredos,
_c1956.
300 _a275 páginas ;
_c19.5 cm.
440 _aAntología Hispánica
_943978
650 _aCuentos
_943979
650 _aSiglo XX
_98
942 _2ddc
_cLIBROS
945 _aafb